The Popes and Papacy (Record no. 498337)

000 -CABECERA
Campo de control de longitud fija 00438nab a2200145 4500
003 - IDENTIFICADOR DEL NÚMERO DE CONTROL
Campo de control ES-SlBCS
005 - FECHA Y HORA DE LA ÚLTIMA TRANSACCIÓN
Campo de control 20210327224348.0
008 - CÓDIGOS DE INFORMACIÓN DE LONGITUD FIJA
Campo de control de longitud fija 140325s2013 ii ||||| |||| 00| 0 eng d
040 ## - FUENTE DE LA CATALOGACIÓN
Centro catalogador del origen ES-SlBCS
Lengua de catalogación spa
100 10 - PUNTO DE ACCESO PRINCIPAL-NOMBRE DE PERSONA
Nombre de persona Pereparambil, Francis
9 (RLIN) 124839
245 14 - MENCIÓN DE TÍTULO
Título The Popes and Papacy
Mención de responsabilidad, etc. Francis Pereparambil
610 04 - PUNTO DE ACCESO ADICIONAL DE MATERIA-NOMBRE DE ENTIDAD CORPORATIVA
Nombre de entidad corporativa o nombre de jurisdicción como elemento inicial Iglesia Católica
9 (RLIN) 1889
773 0# - ENLACE AL DOCUMENTO FUENTE
Parte(s) relacionada(s) Vol. 119, Nº 3, 2013, págs. 134-155
Título The Living Word
Número de control del registro relacionado Rev256
942 ## - ENTRADA DE ELEMENTOS AGREGADOS (KOHA)
Fuente de clasificaión o esquema
Koha [por defecto] tipo de item Artículos de revista
Holdings
Suprimido Perdido Fuente de clasificación o esquema Estropeado No para préstamo Localización permanente Localización actual Localización en estantería Fecha adquisición Préstamos totales Fecha última consulta Fecha del precio de reemplazo Tipo de item de Koha
          San Esteban San Esteban Depósito de revistas 25/03/2014   25/03/2014 25/03/2014 Artículos de revista

Bibliotecas Dominicos Provincia Hispania, 2016

Con tecnología Koha